Countries Along the American Coast - Statistics

General Stats
  • This quiz has been taken 28 times
  • The average score is 24 of 36
Answer Stats
Answer % Correct
Canada
100%
United States of America (Alaska)
100%
Mexico
96%
United States of America
96%
Colombia
70%
Costa Rica
70%
Guatemala
70%
Guyana
70%
Honduras
70%
Nicaragua
70%
Panama
70%
Suriname
70%
Venezuela
70%
Belize
65%
France (French Guiana)
65%
Mexico
65%
Argentina
61%
Brazil
61%
Canada
61%
Canada
61%
Chile
61%
Colombia
61%
Costa Rica
61%
Ecuador
61%
El Salvador
61%
Guatemala
61%
Honduras
61%
Mexico
61%
Nicaragua
61%
Panama
61%
Peru
61%
United States of America
61%
United States of America (Point Roberts)
61%
Uruguay
61%
Belize (Ambergris Caye)
57%
United States of America (Alaska)
48%
No matching quizzes found
Score Distribution
Percent of People with Each Score
Percentile by Number Answered
Your Score History
You have not taken this quiz